000
00347nam a2200145Ia 4500
008
210716s1992 xx 000 0 und d
041
_a
eng
082
_a
005.3001 CASF
100
_a
Case, Felicia.
245
_a
Learn wordperfect in a day.
250
_a
1
260
_a
New Delhi
_b
BPB Publications
_c
1992
300
_a
vi,122
650
_a
None
999
_c
182364
_d
182364